Land vs. Land #37 - Statistiken

Allgemein
  • Dieses Quiz wurde 17 mal gespielt
  • Das Durchschnittsergebnis liegt bei 12 aus 14
Antwortstatistiken
Frage Antwort % Korrekt
...Bruttoinlandsprodukt? Katar🇶🇦
100%
...Bruttoinlandsprodukt pro Kopf? Katar🇶🇦
100%
...Tourismus? Katar🇶🇦
100%
...Gesundheitswesen? Katar🇶🇦
100%
...Lebenserwartung? Katar🇶🇦
100%
...durchschnittlicher IQ? Katar🇶🇦
100%
...Exportmengen? Katar🇶🇦
100%
...Gewinner? Katar🇶🇦
100%
...Fläche? Mauretanien🇲🇷
100%
...HDI (Human Development Index)? Katar🇶🇦
93%
...Frieden? Katar🇶🇦
87%
...Einwohner? Mauretanien🇲🇷
80%
...Militär? Mauretanien🇲🇷
40%
...Happy Planet Index? Mauretanien🇲🇷
27%
Keine übereinstimmenden Quizze gefunden
Verteilung der Resultate
Anzahl Personen mit jedem Resultat
Perzentil nach korrekt beantworteten Fragen
Ihre Resultats-Entwicklung
Sie haben dieses Quiz noch nicht gespielt